التحكيم في العلاقات الخاصة الدولية والداخلية / (رقم التسجيلة. 86203)

تفاصيل مارك
000 -الفاتح
عناصر البيانات ثابتة الطول 00857cam a2200217 i 4500
005 - تاريخ ووقت آخر معاملة
حقل ضبط 20260127122325.0
008 - عناصر البيانات ثابتة الطول
عناصر البيانات ثابتة الطول 250721s1998 le gr 000 0 ara d
082 14 - رقم تصنيف ديوي العشري
رقم التصنيف 347.09
رقم المادة ج م ا
100 1# - مدخل رئيسي – اسم شخصي
الاسم الشخصي الجمال، مصطفى
علاقة الشخص بالعمل/ دوره مؤلف.
245 12 - بيان العنوان
العنوان التحكيم في العلاقات الخاصة الدولية والداخلية /
بيان المسؤولية دكتور مصطفى محمد الجمال، دكتور عكاشة محمد عبدالعال.
250 ## - بيان الطبعة
بيان الطبعة الطبعة الأولى.
264 31 - بيانات النشر، التوزيع…إلخ
مكان النشر، التوزيع...إلخ بيروت :
اسم الناشر، الموزع...إلخ الحلبي،
تاريخ النشر، التوزيع...إلخ 1998.
300 ## - الوصف المادي
عدد الوحدات المكونة للوعاء الجزء الأول.
650 17 - مدخل إضافي بالموضوع - مصطلح موضوعي
مصطلح موضوعي أو اسم جغرافي كعنصر مدخل التحكيم.
650 17 - مدخل إضافي بالموضوع - مصطلح موضوعي
مصطلح موضوعي أو اسم جغرافي كعنصر مدخل التحكيم الدولي.
650 17 - مدخل إضافي بالموضوع - مصطلح موضوعي
مصطلح موضوعي أو اسم جغرافي كعنصر مدخل التحكيم التجاري.
650 17 - مدخل إضافي بالموضوع - مصطلح موضوعي
مصطلح موضوعي أو اسم جغرافي كعنصر مدخل القانون المدني.
700 1# - مدخل إضافي - اسم شخصي
الاسم الشخصي عبد العال، عكاشة
علاقة الشخص بالعمل/ دوره مؤلف.
942 ## - بيانات إضافية (كوها)
نوع التنصيف Dewey Decimal Classification
نوع المادة (كوها) كتب
المقتنيات
حالة السحب حالة الفقدان مصدر التصنيف حالة التلف غير قابل للإعارة المكتبة الرئيسية المكتبة الحالية موقع الرف تاريخ التزويد الرقم المتسلسل Total Checkouts رقم الإستدعاء الباركود تاريخ آخر ظهور تاريخ الفاتورة نوع المادة (كوها)
    Dewey Decimal Classification     المكتبة المركزية المكتبة المركزية الإعارة 28/07/2025 631154   347.09 / ج م ا 631154 28/07/2025 28/07/2025 كتب
Implemented & Customized by: BBB with SCIT (Smart Chains for Information Technology)

Powered by Koha